| 000 | 00696nam0a22002411 4500 | ||
|---|---|---|---|
| 001 | rc\1034910 | ||
| 005 | 20250622084936.0 | ||
| 035 | _a(NLR Aleph) 006198013 | ||
| 090 |
_a6236926 _c6236926 |
||
| 100 | _a20041129d1981 |||y0rusy50 ca | ||
| 101 | 0 | _arus | |
| 102 | _aRU | ||
| 105 | _aa ||||||||| | ||
| 200 | 1 |
_aФутбол _eСтратегия _e[Пер. с венг.] |
|
| 210 |
_aМ. _cФизкультура и спорт _d1981 |
||
| 215 |
_a208 с. _cил. _d21 |
||
| 300 | _aПеревод изд.: Labdarügäs / Csanadi Arpad | ||
| 700 | 1 |
_aЧанади _bА. _gАрпад |
|
| 801 | 0 |
_aRU _bNLR _gpsbo |
|
| 801 | 1 |
_aRU _bELAR _2rusmarc |
|
| 852 |
_aNLR _j81-5/1902 |
||
| 942 | _cBOOK | ||
| 980 | _aNB | ||